| 000 | 00852cam a22002531 4500 | ||
|---|---|---|---|
| 999 |
_c126872 _d126872 |
||
| 001 | 7027482 | ||
| 003 | ARRUPE | ||
| 005 | 20170904111522.0 | ||
| 008 | 730515s1961 nyua 000 0 eng | ||
| 010 | _a 61012644 | ||
| 015 | _aGB62-14941 | ||
| 035 | _a(OCoLC)621507 | ||
| 040 |
_aDLC _cOWibfC _dNN _dUk _dDLC |
||
| 050 | 0 | 0 |
_aNC1145.F5 _bA45 |
| 100 | 1 |
_aFranck, Frederick, _d1909-2006. _935540 |
|
| 245 | 1 | 0 |
_aAfrican sketchbook; _ctext and drawings by Frederick Franck. Preface by Graham Greene. |
| 250 | _a[1st ed.] | ||
| 260 |
_aLondon, _bPeter Davies _c1961 |
||
| 300 |
_axi, 180 p. _c19 cm. |
||
| 651 | 0 |
_aAfrica _xDescription and travel. _xViews _935541 |
|
| 651 | 0 |
_aAfrica _xDescription and travel. _y1951- _935542 |
|
| 906 |
_a7 _bcbc _coclcrpl _du _encip _f19 _gy-gencatlg |
||
| 942 |
_2lcc _cMONOGRAPH |
||